LEADER 01033nam0-2200349li-450 001 990000252570203316 005 20180312154722.0 035 $a0025257 035 $aUSA010025257 035 $a(ALEPH)000025257USA01 035 $a0025257 100 $a200199511027--------y0itay0103----ba 101 0 $aeng 102 $aUS 200 1 $aFoundations of probability$fAlfred Rényi 210 $aSan Francisco [etc.]$cHolden-Day,copyr. 1970 215 $aXIII, 366 p.$cill.$d24 cm 610 1 $aprobabilita' 676 $a5192$9Probabilità 700 1$aRènyi,$bAlfréd$0424543 801 $aSistema bibliotecario di Ateneo dell' Università di Salerno$gRICA 912 $a990000252570203316 951 $a519.2 REN$b17738/CBS$c519.2 959 $aBK 969 $aSCI 979 $c19951102 979 $c20001110$lUSA01$h1715 979 $c20020403$lUSA01$h1633 979 $aPATRY$b90$c20040406$lUSA01$h1618 979 $aRSIAV6$b90$c20090527$lUSA01$h1013 996 $aFoundations of Probability$9340699 997 $aUNISA LEADER 04579nam 22007575 450 001 996466212503316 005 20200703052217.0 010 $a3-030-17656-8 024 7 $a10.1007/978-3-030-17656-3 035 $a(CKB)4100000008160579 035 $a(DE-He213)978-3-030-17656-3 035 $a(MiAaPQ)EBC5923401 035 $a(PPN)236521918 035 $a(EXLCZ)994100000008160579 100 $a20190424d2019 u| 0 101 0 $aeng 135 $aurnn|008mamaa 181 $ctxt$2rdacontent 182 $cc$2rdamedia 183 $acr$2rdacarrier 200 10$aAdvances in Cryptology ? EUROCRYPT 2019$b[electronic resource] $e38th Annual International Conference on the Theory and Applications of Cryptographic Techniques, Darmstadt, Germany, May 19?23, 2019, Proceedings, Part II /$fedited by Yuval Ishai, Vincent Rijmen 205 $a1st ed. 2019. 210 1$aCham :$cSpringer International Publishing :$cImprint: Springer,$d2019. 215 $a1 online resource (XIX, 779 p. 961 illus., 40 illus. in color.) 225 1 $aSecurity and Cryptology ;$v11477 311 $a3-030-17655-X 320 $aIncludes bibliographical references and index. 327 $aABE and CCA security -- Succinct arguments and secure messaging -- Obfuscation -- Block ciphers -- Differential privacy -- Bounds for symmetric cryptography -- Non-malleability -- Blockchain and consensus -- Homomorphic primitives -- Standards -- Searchable encryption and ORAM -- Proofs of work and space -- Secure computation -- Quantum, secure computation and NIZK, Lattice-based cryptography -- Foundations -- Efficient secure computation -- Signatures -- Information-theoretic cryptography -- Cryptanalysis. 330 $aThe three volume-set LNCS 11476, 11477, and 11478 constitute the thoroughly refereed proceedings of the 38th Annual International Conference on the Theory and Applications of Cryptographic Techniques, EUROCRYPT 2019,held in Darmstadt, Germany, in May 2019. The 76 full papers presented were carefully reviewed and selected from 327 submissions. The papers are organized into the following topical sections: ABE and CCA security; succinct arguments and secure messaging; obfuscation; block ciphers; differential privacy; bounds for symmetric cryptography; non-malleability; blockchain and consensus; homomorphic primitives; standards; searchable encryption and ORAM; proofs of work and space; secure computation; quantum, secure computation and NIZK, lattice-based cryptography; foundations; efficient secure computation; signatures; information-theoretic cryptography; and cryptanalysis. 410 0$aSecurity and Cryptology ;$v11477 606 $aData encryption (Computer science) 606 $aSoftware engineering 606 $aCoding theory 606 $aInformation theory 606 $aComputers and civilization 606 $aData mining 606 $aArtificial intelligence 606 $aCryptology$3https://scigraph.springernature.com/ontologies/product-market-codes/I28020 606 $aSoftware Engineering/Programming and Operating Systems$3https://scigraph.springernature.com/ontologies/product-market-codes/I14002 606 $aCoding and Information Theory$3https://scigraph.springernature.com/ontologies/product-market-codes/I15041 606 $aComputers and Society$3https://scigraph.springernature.com/ontologies/product-market-codes/I24040 606 $aData Mining and Knowledge Discovery$3https://scigraph.springernature.com/ontologies/product-market-codes/I18030 606 $aArtificial Intelligence$3https://scigraph.springernature.com/ontologies/product-market-codes/I21000 615 0$aData encryption (Computer science). 615 0$aSoftware engineering. 615 0$aCoding theory. 615 0$aInformation theory. 615 0$aComputers and civilization. 615 0$aData mining. 615 0$aArtificial intelligence. 615 14$aCryptology. 615 24$aSoftware Engineering/Programming and Operating Systems. 615 24$aCoding and Information Theory. 615 24$aComputers and Society. 615 24$aData Mining and Knowledge Discovery. 615 24$aArtificial Intelligence. 676 $a005.8 702 $aIshai$b Yuval$4edt$4http://id.loc.gov/vocabulary/relators/edt 702 $aRijmen$b Vincent$4edt$4http://id.loc.gov/vocabulary/relators/edt 801 0$bMiAaPQ 801 1$bMiAaPQ 801 2$bMiAaPQ 906 $aBOOK 912 $a996466212503316 996 $aAdvances in Cryptology ? EUROCRYPT 2019$92495420 997 $aUNISA LEADER 01866nas 2200577-a 450 001 996200574603316 005 20230530213018.0 011 $a2141-3606 035 $a(DE-599)ZDB2111906-5 035 $a(OCoLC)53907559 035 $a(CKB)110992357393356 035 $a(CONSER)--2006237050 035 $a(EXLCZ)99110992357393356 100 $a20031215a19979999 s-- - 101 0 $aeng 135 $aurcnu|||||||| 181 $ctxt$2rdacontent 182 $cc$2rdamedia 183 $acr$2rdacarrier 200 00$aAfrican journal of reproductive health 210 $aBenin City, Nigeria $cWomen's Health and Action Research Centre$d1997- 300 $aRefereed/Peer-reviewed 300 $aTitle from cover (JSTOR, viewed November 9, 2006). 311 $a1118-4841 517 1 $aJournal africain sur la santé reproductive 517 1 $aRevue africaine de sante de la reproduction 531 $aAFR J REPROD HEALTH 606 $aReproductive health$zAfrica$vPeriodicals 606 $aBirth control$zAfrica$vPeriodicals 606 $aGynecology$zAfrica$vPeriodicals 606 $aReproductive Medicine 606 $aBirth control$2fast$3(OCoLC)fst00833148 606 $aGynecology$2fast$3(OCoLC)fst00949684 606 $aReproductive health$2fast$3(OCoLC)fst01095004 607 $aAfrica 607 $aAfrica$2fast 608 $aPeriodical 608 $aPeriodicals.$2fast 608 $aPeriodicals.$2lcgft 615 0$aReproductive health 615 0$aBirth control 615 0$aGynecology 615 02$aReproductive Medicine 615 7$aBirth control. 615 7$aGynecology. 615 7$aReproductive health. 712 02$aWomen's Health and Action Research Centre (Nigeria) 906 $aJOURNAL 912 $a996200574603316 996 $aAfrican journal of reproductive health$92238772 997 $aUNISA